| 000 | 00689nam a2200205 a 4500 | ||
|---|---|---|---|
| 001 | 001119492 | ||
| 003 | AM-YeHGA | ||
| 005 | 20250618074451.0 | ||
| 008 | 151209s1972 ||| r 000 0 rus d | ||
| 040 | _aAM-YeHGA | ||
| 041 | 1 |
_arus _heng |
|
| 100 | 1 |
_aՇեքսպիր, Ուիլյամ, _d1564-1616 _94634 |
|
| 245 | 1 | 0 |
_aРичард III / _cУ. Шекспир; Пер. А. Радловой; Ил. В. Воловича. |
| 260 |
_aМосква : _bИскусство, _c1972. |
||
| 300 |
_a199 с. : _bил. |
||
| 653 | 0 | _aАнглийская драматургия | |
| 700 | 1 |
_aРадлова, Анна _eпер. _4trl |
|
| 700 | 1 |
_aВолович, В. _eил. _4ill |
|
| 090 | _c361923 | ||
| 999 |
_c360094 _d360094 |
||